000 00296nam a2200109Ia 4500
008 220204s9999 xx 000 0 und d
082 _a338.26(540)FOU
_bFOU
245 0 _aFourth five year plan 1969-74
260 _aDelhi
_bPlanning commission
_c1969
650 _aFourth five year plan
942 _cBK
999 _c20739
_d20739